Consolidación de estados contables (Registro nro. 1109)

Detalles MARC
000 -LEADER
fixed length control field 01121 a2200229 4500
001 - CONTROL NUMBER
control field 23421
005 - DATE AND TIME OF LATEST TRANSACTION
control field 20260407155522.0
008 - FIXED-LENGTH DATA ELEMENTS--GENERAL INFORMATION
fixed length control field 260407a2009 arg spa d
003 - CONTROL NUMBER IDENTIFIER
control field AR-UNSa-BCEJYS
040 ## - CATALOGING SOURCE
Original cataloging agency AR-UNSa-BCEJYS
Language of cataloging spa
Transcribing agency AR-UNSa-BCEJYS
080 ## - UNIVERSAL DECIMAL CLASSIFICATION NUMBER
Universal Decimal Classification number 657.37
Common auxiliary subdivision Balance anual. Cierre de cuentas (Consolidación)<br/>
020 ## - INTERNATIONAL STANDARD BOOK NUMBER
International Standard Book Number 978-987-01-1001-9
041 ## - LANGUAGE CODE
Language code of text/sound track or separate title spa
100 1# - MAIN ENTRY--PERSONAL NAME
Personal name Senderovich, Pablo David
245 10 - TITLE STATEMENT
Title Consolidación de estados contables
250 ## - EDITION STATEMENT
Edition statement 2a. ed
264 #1 - PRODUCTION, PUBLICATION, DISTRIBUTION, MANUFACTURE, AND COPYRIGHT NOTICE
Place of production, publication, distribution, manufacture Buenos Aires :
Name of producer, publisher, distributor, manufacturer Errepar
Date of production, publication, distribution, manufacture, or copyright notice 2009
300 ## - PHYSICAL DESCRIPTION
Extent xiv, 320 p.
Dimensions 21 cm.
505 ## - FORMATTED CONTENTS NOTE
Formatted contents note 1. Aspectos básicos - 2. Metodología básica - 3. Combinaciones de negocios. Valor en libros y medición de activos netos identificables - 4. Combinaciones de negocios.Llave positiva - 5. Combinaciones de negocios.Llave negativa - 6. Ajustes de consolidación - 7. Eliminaciones - 8. Consolidación del estado de flujo de efectivo - 9. Participaciones indirectas y reciprocas - 10. Exposición de la información y otros aspectos - 11. Caso práctico. Resumen - 12. Anexos.
590 ## - LOCAL NOTE (RLIN)
Local note niveau_biblio:m niveau_hierar:0
942 ## - ADDED ENTRY ELEMENTS (KOHA)
Koha item type
Existencias
Withdrawn status Lost status Damaged status Not for loan Home library Current library Shelving location Date acquired Total checkouts Full call number Barcode Date last seen Price effective from Koha item type Public note
        Biblioteca Prof. Eusebio Cleto del Rey Biblioteca Prof. Eusebio Cleto del Rey   07/04/2026   657.37 S474 2ed. L117855 07/04/2026 07/04/2026 Libro LÁPIZ LEVE
        Biblioteca Prof. Eusebio Cleto del Rey Biblioteca Prof. Eusebio Cleto del Rey   07/04/2026   657.37 S474 2ed. L117856 07/04/2026 07/04/2026 Libro LÁPIZ - RESALTADOR PÁG. 45
        Biblioteca Prof. Eusebio Cleto del Rey Biblioteca Prof. Eusebio Cleto del Rey   07/04/2026   657.37 S474 2ed. L117863 07/04/2026 07/04/2026 Libro MANCHADO EN EL CANTO - HÚMEDO PARTE INFERIOR - ÚLTIMA HOJA ROTA - LÁPIZ
        Biblioteca Prof. Eusebio Cleto del Rey Biblioteca Prof. Eusebio Cleto del Rey   07/04/2026   657.37 S474 2ed. L117860 07/04/2026 07/04/2026 Libro CANTO SUCIO - HÚMEDO PRIMERAS HOJAS
        Biblioteca Prof. Eusebio Cleto del Rey Biblioteca Prof. Eusebio Cleto del Rey   07/04/2026   657.37 S474 2ed. L117857 07/04/2026 07/04/2026 Libro LÁPIZ - CANTO MANCHADO - ÚLTIMA HOJA UN POCO DAÑADA - HÚMEDO ÚLTIMAS HOJAS
        Biblioteca Prof. Eusebio Cleto del Rey Biblioteca Prof. Eusebio Cleto del Rey   07/04/2026   657.37 S474 2ed. L117858 07/04/2026 07/04/2026 Libro PÁG. 23 UN POCO MANCHADA - LÁPIZ LEVE - HOJAS UN POCO DOBLADAS
        Biblioteca Prof. Eusebio Cleto del Rey Biblioteca Prof. Eusebio Cleto del Rey   07/04/2026   657.37 S474 2ed. L117859 07/04/2026 07/04/2026 Libro MANCHADO EN EL CANTO CON LAPICERA - HOJA 2 MANCHADA - LÁPIZ LEVE - HÚMEDO Y MANCHADO
        Biblioteca Prof. Eusebio Cleto del Rey Biblioteca Prof. Eusebio Cleto del Rey   07/04/2026   657.37 S474 2ed. L117861 07/04/2026 07/04/2026 Libro HOJAS MANCHADAS - ÚLTIMA HOJA DAÑADA - LÁPIZ - CANTOS MANCHADOS